000 00636cam a22002411 4500
001 sa 66000876
003 DLC
005 20260227112218.0
008 890713s1965 ii b 000 0 hino
010 _asa 66000876
035 _a(OCoLC)20004559
040 _aDLC
_cWaU
_dDLC
042 _apremarc
043 _aa-ii---
050 0 0 _aPK2042
_b.S7
100 1 _aŚrīvāstava, Paramānanda,
_d1935-
245 1 0 _aHindī-kahānī kī racanā-prakriyā.
260 _c[1965]
300 _a318 p.
_c23 cm.
500 _aIn Hindi
504 _aBibliography: p. [310]-318.
650 0 _aShort stories, Hindi
_xHistory and criticism.
999 _c67472
_d67472